Flaggen mit den panafrikanischen Farben - Statistiken

Allgemein
  • Dieses Quiz wurde 21 mal gespielt
  • Das Durchschnittsergebnis liegt bei 19 aus 24
Antwortstatistiken
Land % Korrekt
Guinea
100%
Guinea-Bissau
100%
Ghana
95%
Zentralafrikanische Republik
95%
Äthiopien
89%
Republik Kongo
89%
Kamerun
84%
Mali
84%
Mauretanien
84%
Senegal
84%
Togo
84%
Äquatorialguinea
79%
Benin
79%
Burkina Faso
79%
Simbabwe
79%
Eritrea
74%
Südafrika
74%
Mosambik
68%
Namibia
68%
Komoren
63%
Sao Tomé und Príncipe
58%
Seychellen
58%
Südsudan
58%
Mauritius
53%
Keine übereinstimmenden Quizze gefunden
Verteilung der Resultate
Anzahl Personen mit jedem Resultat
Perzentil nach korrekt beantworteten Fragen
Ihre Resultats-Entwicklung
Sie haben dieses Quiz noch nicht gespielt